Modern Heterocyclic Chemistry Vol.3

Gespeichert in:
Bibliographische Detailangaben
1. Verfasser: Alvarez-Builla, Julio
Weitere Verfasser: Vaquero, Juan Jose (ed.), Barluenga, José (ed)
Format: Buch
Sprache:Englisch
Veröffentlicht: Weinheim Wiley-VCH-Verl. 2011
Ausgabe:1 ed.
Schlagworte:
Online-Zugang:Im OPAC anzeigen
Tags: Tag hinzufügen
Keine Tags, Fügen Sie das erste Tag hinzu!

MARC

LEADER 00000nam a2200000 a 4500
005 20260127134251.0
008 111104 2011 000 0 eng d
020 |a 9783527332014 
035 |a vtls010322327 
039 9 |a 201111040954  |b mschk03  |y 201111040945  |z mschk03 
040 |a STUSCHK1  |b slo  |c STUSCHK1  |e AACR2 
100 1 |a Alvarez-Builla, Julio 
245 1 |a Modern Heterocyclic Chemistry  |n Vol.3  |c Julio Alvarez-Builla [Ed.], Juan Jose Vaquero [Ed.], José Barluenga [Ed.] 
250 |a 1 ed. 
260 |a Weinheim  |b Wiley-VCH-Verl.  |c 2011 
300 |a xxi, 1253-1864 p.  |i ll.  |c 24,5 cm 
650 0 |a Heterocyclic chemistry 
700 1 |a Vaquero, Juan Jose  |4 ed. 
700 1 |a Barluenga, José  |4 ed 
910 |a SCHK95 
919 |a 978-3-527-33201-4 
999 |c 8292  |d 8292